书目信息 |
| 题名: |
工程制图习题集(第二版)
|
|
| 作者: | 周鹏翔 , 刘振魁 主编 | |
| 分册: | ||
| 出版信息: | 北京 高等教育出版社 2000.7 |
|
| 页数: | 103页 | |
| 开本: | 26*37cm | |
| 丛书名: | ||
| 单 册: | ||
| 中图分类: | TB23-44 | |
| 科图分类: | ||
| 主题词: | 工程制图 | |
| 电子资源: | ||
| ISBN: | 7-04-008010-9 | |
| 000 | 00666nam0 2200217 45 | |
| 001 | 0256127075 | |
| 005 | 2002061115352676 | |
| 010 | @a7-04-008010-9@dRMB 14.00 | |
| 100 | @a20020611d2000 km y0chiy0120 ea | |
| 101 | 0 | @achi |
| 102 | @aCN@b110000 | |
| 200 | 1 | @a工程制图习题集(第二版)@AGong Cheng Zhi Tu Xi Ti Ji(Di Er Ban)@f周鹏翔,刘振魁主编@Fzhou peng xiang,liu zhen kui zhu bian |
| 205 | @a2版 | |
| 210 | @a北京@c高等教育出版社@d2000.7 | |
| 215 | @a103页@d26*37cm | |
| 606 | 0 | @a工程制图 |
| 690 | @aTB23-44@v3 | |
| 701 | 0 | @a周鹏翔@Azhou peng xiang@4主编 |
| 701 | 0 | @a刘振魁@Aliu zhen kui@4主编 |
| 801 | 0 | @aCN@bPFT@c20020611 |
| 905 | @a安徽大学@dTB23-44@eZ780 | |
| 工程制图习题集(第二版)/周鹏翔,刘振魁主编.-2版.-北京:高等教育出版社,2000.7 |
| 103页;26*37cm |
| ISBN 7-04-008010-9:RMB 14.00 |
| ● |
| 相关链接 |
|
|
|
正题名:工程制图习题集(第二版)
索取号:TB23-44/Z780
 
预约/预借
| 序号 | 登录号 | 条形码 | 馆藏地/架位号 | 状态 | 备注 |
| 1 | 362148 | 203621483 | 自科二线404/404自科库 1排1列3层/ [索取号:TB23-44/Z780] | 在馆 | |
| 2 | 362149 | 203621492 | 自科库501/501自科库 7排3列2层/ [索取号:TB23-44/Z780] | 在馆 | |
| 3 | 362150 | 203621508 | 自科二线404/404自科库 1排1列3层/ [索取号:TB23-44/Z780] | 在馆 |